000 01107nam a2200241Ia 4500
003 Ost
005 20260416102356.0
008 260416s9999||||xx |||||||||||||| ||und||
040 _cfsecg
041 _aara
082 _a519.5
100 _aبن سبع، حمزة
_eمؤلف
245 0 _aدروس ومحاضرات في الإحصاء الإستدلالي (الإحصاء 3) /
_c حمزة بن سبع
260 _aالجزائر
_bجامعة الجزائر3: كلية العلوم الإقتصادية، العلوم التجارية وعلوم التسيير
_c2020
300 _a152 ورقة
_bايضاحات
_c30 سم
504 _aمراجع ص.141 ملاحق ص.143
520 _aنظرية المعاينة، إشكالية التقدير، الاختبارات الاحصائية للفرضيات.
653 _aالاحصاء
653 _aالإستدلال الإحصائي
653 _aالعينات
710 _aجامعة الجزائر3: كلية العلوم الإقتصادية، العلوم التجارية وعلوم التسيير
_eناشر علمي
942 _cHANDOUT
999 _c41200
_d41200